Letra : (Record no. 14416)
[ view plain ]
| 000 -CABECERA | |
|---|---|
| campo de control de longitud fija | 00620cam a2200181 a 4500 |
| 001 - NÚMERO DE CONTROL | |
| campo de control | 000014836 |
| 005 - FECHA Y HORA DE LA ÚLTIMA TRANSACCIÓN | |
| campo de control | 20200929163915.0 |
| 008 - DATOS DE LONGITUD FIJA--INFORMACIÓN GENERAL | |
| campo de control de longitud fija | 060527s1987 cu a rb 001 0 spa d |
| 040 ## - FUENTE DE LA CATALOGACIÓN | |
| Centro catalogador/agencia de origen | DO-SdBNP |
| Lengua de catalogación | spa |
| Centro/agencia transcriptor | BNPHU |
| 082 ## - NÚMERO DE LA CLASIFICACIÓN DECIMAL DEWEY | |
| Número de clasificación | xxxx |
| Número de documento/Ítem | L649e |
| 245 10 - MENCIÓN DE TÍTULO | |
| Título | Letra : |
| Resto del título | cultura en Cuba / |
| Mención de responsabilidad, etc. | prefacio y compilación de Ana Cairo Ballester. |
| 260 ## - PUBLICACIÓN, DISTRIBUCIÓN, ETC. | |
| Lugar de publicación, distribución, etc. | La Habana : |
| Nombre del editor, distribuidor, etc. | Pueblo y Educación, |
| Fecha de publicación, distribución, etc. | 1987. |
| 300 ## - DESCRIPCIÓN FÍSICA | |
| Extensión | v. : |
| Otras características físicas | il. ; |
| Dimensiones | 22 cm. |
| 504 ## - NOTA DE BIBLIOGRAFÍA, ETC. | |
| Nota de bibliografía, etc. | Incluye referencias bibliográficas y notas al pie de las páginas |
| 500 ## - NOTA GENERAL | |
| Nota general | Incluye índice |
| 500 ## - NOTA GENERAL | |
| Nota general | La biblioteca posee el v. 3 |
| 700 1# - PUNTO DE ACCESO ADICIONAL--NOMBRE DE PERSONA | |
| Nombre de persona | Cairo Ballester, Ana, |
| Fechas asociadas al nombre | 1949- |
| 9 (RLIN) | 33617 |
| Estado de retiro | Estado de pérdida | Restricciones de uso | No para préstamo | Código de colección | Localización permanente | Ubicación/localización actual | Ubicación en estantería | Fecha de adquisición | Número de inventario | Total de préstamos | Signatura topográfica completa | Código de barras | Fecha visto por última vez | Precio válido a partir de | Tipo de ítem Koha | Nota pública |
|---|---|---|---|---|---|---|---|---|---|---|---|---|---|---|---|---|
| Excluido de préstamo | Monografías: Libros y Folletos | General | General | Depósito | 22.01.2010 | LF1 | v. 1 | 14836-10 | 25.06.2020 | 25.06.2020 | No se presta | Perteneció a la biblioteca personal de Bárbara Suncar. | ||||
| Excluido de préstamo | Monografías: Libros y Folletos | General | General | Depósito | 14.06.2019 | LF1 | v. 2 | 14836-20 | 25.06.2020 | 25.06.2020 | No se presta | Perteneció a la biblioteca personal de Bárbara Suncar. |
